| 000 | 00894nam a2200265 i 4500 | ||
|---|---|---|---|
| 001 | 185478 | ||
| 003 | SpMaBN | ||
| 005 | 20251009170802.0 | ||
| 008 | 160609s1992 sp |||| | spa d | ||
| 020 | _a84-233-2224-6 | ||
| 080 | _a821.14 Homero 7 Ilíada.07 | ||
| 100 | 1 |
_aRedfield, James M. ( _d1935-) _9159816 |
|
| 245 | 1 | 3 |
_aLa tragedia de Héctor _b: naturaleza y cultura en la "Ilíada" / _cJames M. Redfield ; [traducción, Antonio J. Desmonts]. |
| 250 | _a1ª ed. | ||
| 260 |
_aBarcelona : _bDestino, _c1992. |
||
| 300 |
_a482 p. ; _c20 cm. |
||
| 490 | 1 |
_aEnsayos/Destino ; _v10 |
|
| 500 | _aÍndices. | ||
| 504 | _aBibliografía: p. 451-458. | ||
| 600 | 1 | 7 |
_aHomero. _tLa Ilíada. _964113 |
| 700 | 1 |
_aDesmonts, Antonio, _d1942- _9160311 |
|
| 830 | 0 |
_aEnsayos/Destino ; _v10 _9179023 |
|
| 852 |
_aES-MaACL _jL-30366 _z. - Donat. Miguel A. Velasco |
||
| 999 |
_c185478 _d185478 |
||